ECA: Estudios Centroamericanos /
Na minha lista:
| Autor Corporativo: | |
|---|---|
| Formato: | Livro |
| Idioma: | Spanish |
| Publicado em: |
San Salvador, El Salvador
Universidad Centroamericana José Simeón
|
| Assuntos: | |
| Tags: |
Adicionar Tag
Sem tags, seja o primeiro a adicionar uma tag!
|
MARC
| LEADER | 00000nam a2200000 4500 | ||
|---|---|---|---|
| 003 | CRAI/IIS | ||
| 005 | 20231010112928.0 | ||
| 007 | ta | ||
| 008 | 161110| es ||||| |||| 00| 0 spa d | ||
| 022 | |2 00141445 | ||
| 040 | |c CRAI/IIS |a Centro de Recursos para el Aprendizaje y la Investigación |b Español | ||
| 090 | |a REV0452 | ||
| 110 | 2 | |a Universidad Centroamericana José Simeón Cañas (UCA) |9 446 | |
| 245 | 1 | |a ECA: |b Estudios Centroamericanos / |c Universidad Centroamericana José Simeón | |
| 260 | |a San Salvador, El Salvador |b Universidad Centroamericana José Simeón | ||
| 270 | |a Bulevar Los Próceres s/n, Jardines de Guadalupe |b San Salvador, |d El Salvador |e Apartado postal 01-575 |k (503) 22106650 |m mvargas@uca.edu.sv | ||
| 500 | |a EXISTENCIAS : 1971 26 (268) 1972 27 (285-287) 1973 (5-6, 291-294, 297-299, 301-302) 1974 (307-312, 8-9) 1975 30 (315-318, 326) 1976 31 (327-338, 10-12) 1977 32 (339-347) 1978 33 (351-355, 359-362, 20) 1979 34 (363-373) 1980 35 (377-386) 1981 36 (387-389, 30, 396-398) 1982 37 (399-410, 403-404, 406-410) 1983 38 (411-416, 419-422) 1984 39 (423-434) 1985 40 (435-438, 441-446) 1986 41 (447-458) 1987 42 (459-470) 1988 43 (471-477, 480) 1989 44 (483-484, 486-487, 489) 1993 48 (533) 1995 50 (557) 1996 (575-578) 1997 (584, 589-590) 1998 (591-592, 594-596, 599) 1999 (609-610, 612) 2000 (619-620) 2002 (644-646) 2006 61(687-698) 2007 62 (699-709-710) 2008 63 (711-712, 713-714, 715-716) | ||
| 500 | |a Colección Centroamérica | ||
| 650 | 1 | 0 | |9 306 |a ELECCIONES |
| 650 | 1 | 4 | |a POLITICA ECONOMICA |9 2655 |
| 650 | 4 | |9 1934 |a MILITARISMO | |
| 650 | 0 | |9 370 |a POLITICA EXTERIOR | |
| 650 | 1 | 0 | |9 413 |a PARTIDOS POLITICOS |
| 650 | 1 | 0 | |9 243 |a ESTADO |
| 651 | 4 | |9 1928 |a EL SALVADOR | |
| 651 | 1 | 0 | |9 128 |a AMERICA CENTRAL |
| 651 | 1 | 0 | |9 245 |a ESTADOS UNIDOS |
| 942 | |2 ddc |c PP |h REV0452 |k REV0452 |6 REV0452 | ||
| 999 | |c 18723 |d 18723 | ||
